000 01189nam a2200349Ma 4500
999 _c200429469
_d47393
001 200429469
003 TR-AnTOB
005 20251114115148.0
007 ta
008 900511s1989 tu b 001 0 tur d
020 _a9751703328
040 _aEYM
_beng
_erda
_cEYM
_dBGZ
_dTR-AnTOB
041 0 _atur
050 0 0 _aDS51.G28
090 _aDS51.G28
_bG66 1989
100 1 _aGömeç, Saadettin,
_d1964-
_eauthor
_912082
245 1 0 _aMilli Mücadelede Gaziantep /
_cSadettin Gömeç.
246 3 0 _aGaziantep
264 1 _aAnkara :
_bKültür Bakanlığı,
_c1989.
300 _aix, 117 pages ;
_c20 cm.
336 _atext
_2rdacontent
337 _aunmediated
_2rdamedia
338 _avolume
_2rdacarrier
490 0 _aKültür Bakanlığı yayınları ;
_v1010
_aKültür Eserleri dizisi ;
_v131
504 _aIncludes bibliographical references (pages 107-111) and index.
651 7 _aGaziantep İli (Türkiye)
_xTarih
_2etuturkob
_954645
651 0 _aGaziantep İli (Turkey)
_xHistory
_952581
651 0 _aTürkiye
_xTarih
_yKurtuluş Savaşı, 1918-1923
_910811
651 0 _aTurkey
_xHistory
_yRevolution, 1918-1923
_941590
942 _2lcc
_cBK